| 000 | 01068cam a2200265 i 4500 | ||
|---|---|---|---|
| 003 | SA-RiAUC | ||
| 005 | 20250524045150.0 | ||
| 008 | 250514s1977 le g 00100 ara c | ||
| 040 |
_aSA-RiAUC _bara _cSA-RiAUC _erda |
||
| 082 | 0 | 4 | _a245 |
| 090 |
_a245 _bع ب د |
||
| 100 | 1 |
_aعبد القاهر البغدادي، عبد القاهر بن طاهر بن محمد، _dتوفي 429 هجري _eمؤلف. |
|
| 245 | 1 | 2 |
_aالفرق بين الفرق وبيان الفرقة الناجية منهم / _cعبد القاهر بن طاهر البغدادي. |
| 250 | _aالطبعة الثانية. | ||
| 264 | 1 |
_aبيروت : _bدار الآفاق الجديدة، _c1977 |
|
| 300 |
_aأ-د، 355 صفحة ؛ _c24 سم |
||
| 336 |
_aنص _btxt _2rdacontent _3كتاب |
||
| 337 |
_aبدون وسيط _bn _2rdamedia |
||
| 338 |
_aمجلد _bnc _2rdacarrier |
||
| 500 | _aيشتمل على كشافات. | ||
| 650 | 7 |
_aالفرق الإسلامية _2aucsh |
|
| 650 | 7 |
_aعلم الكلام _2aucsh |
|
| 942 |
_2ddc _cBOOK _n0 |
||
| 949 |
_aSA-JeALM _d250514 _umohamedma123 _n1 |
||
| 999 |
_c8315 _d8315 |
||